00536nam a2200181Ia 4500003000900000008004100009020002200050040001600072080001500088100002300103245007500126260007200201300001500273650001400288650001300302650001700315700002200332IN-BaIIA211028s9999 xx 000 0 eng d a978-81-89220-25-9 cIIA Library a521.8bBAL aBalachandra Rao, S 0aEclipses in Indian astronomycS. Balachandra Rao and Padmaja Venugopal aBangalorebBhavan's Gandhi Centre of Science and Human Valuesc2008 axii, 144p. aAstronomy aEclipses aSolar System aVenugpal, Padmaja